Wszystkie Piosenki Michaela Jacksona - Statystyki

Ogólne statystyki
  • Ten quiz został rozwiązany 59 razy
  • Średni wynik to 38 z 167
Statystyki odpowiedzi
Album Song % Poprawnych
Bad Bad
93%
Thriller Beat It
93%
Thriller Thriller
93%
Thriller Billie Jean
89%
Bad Smooth Criminal
85%
Dangerous Black or White
78%
Dangerous Dangerous
78%
Off the Wall Rock with You
70%
Blood on the Dance Floor: HIStory in the Mix Blood on the Dance Floor
67%
Bad Dirty Diana
63%
Thriller Human Nature
63%
Bad Man in the Mirror
63%
Ben Ben
59%
Off the Wall Don't Stop 'Til You Get Enough
59%
Off the Wall Off the Wall
59%
Bad The Way You Make Me Feel
59%
Michael Jackson's This Is It This Is It
59%
Got to Be There Got to Be There
56%
Invincible Invincible
56%
Thriller P.Y.T. (Pretty Young Thing)
56%
HIStory: Past, Present and Future, Book I They Don't Care About Us
56%
HIStory: Past, Present and Future, Book I Earth Song
52%
Thriller Wanna Be Startin' Somethin'
52%
Xscape Xscape
52%
HIStory: Past, Present and Future, Book I HIStory
48%
HIStory: Past, Present and Future, Book I Stranger in Moscow
48%
Thriller The Girl Is Mine
48%
HIStory: Past, Present and Future, Book I You Are Not Alone
48%
Invincible You Rock My World
48%
Xscape Chicago
44%
Dangerous Heal the World
44%
Bad Just Good Friends
44%
Music & Me Music and Me
44%
Dangerous Jam
41%
Farewell My Summer Love Farewell My Summer Love
37%
Bad I Just Can't Stop Loving You
37%
Dangerous In the Closet
37%
Bad Leave Me Alone
37%
Bad Liberian Girl
37%
Mind Is the Magic: Anthem for the Las Vegas Show Mind Is the Magic
37%
Blood on the Dance Floor: HIStory in the Mix Morphine
37%
Dangerous Remember the Time
37%
Bad Speed Demon
37%
Bad Another Part of Me
33%
Thriller Baby Be Mine
33%
Dangerous Who Is It
33%
Dangerous Will You Be There
33%
HIStory: Past, Present and Future, Book I 2 Bad
30%
Michael Hollywood Tonight
30%
Blood on the Dance Floor: HIStory in the Mix Is It Scary
30%
HIStory: Past, Present and Future, Book I Scream
30%
Invincible Break of Dawn
26%
Pipes of Peace Say Say Say
26%
Thriller The Lady in My Life
26%
HIStory: Past, Present and Future, Book I Childhood
22%
HIStory: Past, Present and Future, Book I Come Together
22%
Invincible Heaven Can Wait
22%
Michael Hold My Hand
22%
Number Ones One More Chance
22%
Got to Be There Ain't No Sunshine
19%
Xscape A Place with No Name
19%
Off the Wall Burn This Disco Out
19%
HIStory: Past, Present and Future, Book I D.S.
19%
Blood on the Dance Floor: HIStory in the Mix Ghosts
19%
Dangerous Give In to Me
19%
Invincible Heartbreaker
19%
Dangerous Keep the Faith
19%
HIStory: Past, Present and Future, Book I Little Susie
19%
Xscape Love Never Felt So Good
19%
Off the Wall She's Out of My Life
19%
Invincible Speechless
19%
Bad Streetwalker
19%
Invincible Threatened
19%
Invincible Unbreakable
19%
Dangerous Why You Wanna Trip on Me
19%
Off the Wall Working Day and Night
19%
Invincible 2000 Watts
15%
Xscape Blue Gangsta
15%
Invincible Cry
15%
Forever, Michael Dear Michael
15%
Scorpion Don't Matter to Me
15%
Off the Wall Girlfriend
15%
Off the Wall I Can't Help It
15%
Off the Wall It's the Falling in Love
15%
Xscape Loving You
15%
HIStory: Past, Present and Future, Book I Money
15%
Got to Be There Rockin' Robin
15%
The Wiz A Brand New Day
11%
The Wiz Be a Lion
11%
Invincible Butterflies
11%
Michael (I Like) The Way You Love Me
11%
Ben Shoo-Be-Doo-Be- Doo-Da-Day
11%
Ben You Can Cry on My Shoulder
11%
The Wiz Ease on Down the Road #1
11%
The Wiz Ease on Down the Road #2
11%
The Wiz Ease on Down the Road #3
11%
Bad Fly Away
11%
Off the Wall Get on the Floor
11%
Dangerous Gone Too Soon
11%
Ben | Got to Be There In Our Small Way
11%
Got to Be There I Wanna Be Where You Are
11%
Forever, Michael One Day in Your Life
11%
Blood on the Dance Floor: HIStory in the Mix Superfly Sister
11%
HIStory: Past, Present and Future, Book I Tabloid Junkie
11%
The Wiz You Can't Win
11%
Farewell My Summer Love Call on Me
7%
Dangerous Can't Let Her Get Away
7%
Ben Everybody's Somebody's Fool
7%
Music & Me Happy (Love Theme from Lady Sings the Blues)
7%
Michael (I Can't Make It) Another Day
7%
Got to Be There Maria (You Were the Only One)
7%
Jermaine Jackson Tell Me I'm Not Dreamin' (Too Good to Be True)
7%
Music & Me Euphoria
7%
Farewell My Summer Love Melodie
7%
Ben My Girl
7%
Dangerous She Drives Me Wild
7%
Forever, Michael Take Me Back
7%
Invincible The Lost Children
7%
Bad Todo Mi Amor Eres Tú
7%
Music & Me Too Young
7%
Music & Me Up Again
7%
Forever, Michael We're Almost There
7%
Invincible Whatever Happens
7%
Got to Be There Wings of My Love
7%
Invincible You Are My Life
7%
Forever, Michael You Are There
7%
Got to Be There You've Got a Friend
7%
Michael Behind the Mask
4%
Michael Best of Joy
4%
Michael Breaking News
4%
Xscape Do You Know Where Your Children Are
4%
Got to Be There Girl Don't Take Your Love from Me
4%
Farewell My Summer Love Here I Am (Come and Take Me)
4%
Music & Me Doggin' Around
4%
Invincible Don't Walk Away
4%
Michael Much too Soon
4%
Invincible Privacy
4%
Xscape Slave to the Rhythm
4%
HIStory: Past, Present and Future, Book I Smile
4%
HIStory: Past, Present and Future, Book I This Time Around
4%
Promo Single #4 Todo Para Ti
4%
Farewell My Summer Love To Make My Father Proud
4%
Music & Me With a Child's Heart
4%
Music & Me All the Things You Are
0%
Forever, Michael Cinderella Stay Awhile
0%
Forever, Michael Dapper-Dan
0%
Got to Be There Love Is Here and Now You're Gone
0%
Ben People Make the World Go Round
0%
Promo Single Someone Put Your Hand Out
0%
Ben We've Got a Good Thing Going
0%
Ben What Comes Around Goes Around
0%
Farewell My Summer Love You've Really Got a Hold on Me
0%
Farewell My Summer Love Don't Let It Get You Down
0%
Farewell My Summer Love Girl You're So Together
0%
Ben Greatest Show on Earth
0%
Forever, Michael I'll Come Home to You
0%
Music & Me Johnny Raven
0%
Forever, Michael Just a Little Bit of You
0%
Michael Keep Your Head Up
0%
Michael Monster
0%
Music & Me Morning Glow
0%
Blood on the Dance Floor: HIStory in the Mix Scream Louder
0%
Promo Single #2 The 12" Mixes
0%
Farewell My Summer Love Touch the One You Love
0%
Forever, Michael We've Got Forever
0%
Promo Single #3 What More Can I Give
0%
Nie znaleziono quizów pasujących do podanych kryteriów
Rozkład punktacji
Procent ludzi z każdym wynikiem
Percentyl według liczby udzielonych odpowiedzi
Twoja historia wyników
Nie rozwiązałeś tego quizu